Η επίδραση της ανόδου της στάθμης της θάλασσας στις παραλίες ωοτοκίας της θαλάσσιας χελώνας Caretta caretta στον κόλπο του Λαγανά, Ζάκυνθος : διπλωματική διατριβή
Αποθηκεύτηκε σε:
| Κύριος συγγραφέας: | |
|---|---|
| Συγγραφή απο Οργανισμό/Αρχή: | |
| Άλλοι συγγραφείς: | |
| Μορφή: | Thesis Βιβλίο |
| Γλώσσα: | Greek |
| Δημοσίευση: |
2015.
|
| Θέματα: | |
| Διαθέσιμο Online: | http://hdl.handle.net/11610/17373 |
| Ετικέτες: |
Προσθήκη ετικέτας
Δεν υπάρχουν, Καταχωρήστε ετικέτα πρώτοι!
|
MARC
| LEADER | 00000cam a2200000 a 4500 | ||
|---|---|---|---|
| 001 | 1/114677 | ||
| 008 | 170822s2015####gr | ||| |||| ||gre|| | ||
| 040 | |a GR-MyUa |b gre |c GR-MyUa |e AACR2 | ||
| 041 | 0 | |a gre | |
| 082 | 7 | |a 597.928 |2 (23) | |
| 100 | 1 | |a Ψαρρός, Φώτης. | |
| 245 | 1 | 2 | |a Η επίδραση της ανόδου της στάθμης της θάλασσας στις παραλίες ωοτοκίας της θαλάσσιας χελώνας Caretta caretta στον κόλπο του Λαγανά, Ζάκυνθος : |b διπλωματική διατριβή / |c Φώτης Ψαρρός ; επιβλέπων: Θ. Χασιώτης. |
| 260 | |c 2015. | ||
| 300 | |a 75 σ. : |b εικ., πιν. ; |c 30 εκ. | ||
| 502 | |a Διατριβή (μεταπτυχιακή) - Πανεπιστήμιο Αιγαίου, Λέσβος, 2015. | ||
| 504 | |a Βιβλιογραφία: σ. 68-74. | ||
| 650 | 0 | |a Sea level. | |
| 650 | 0 | |a Loggerhead turtle |x Habitat. | |
| 650 | 0 | |a Sea level |z Greece |z Zakynthos (Municipality) | |
| 650 | 0 | |a Coast changes |z Greece |z Zakynthos (Municipality) | |
| 700 | 1 | |a Χασιώτης, Θωμάς, |e dgs [Επιβλέπων καθηγητής] | |
| 710 | 2 | |a Πανεπιστήμιο Αιγαίου |b Σχολή Περιβάλλοντος |b Τμήμα Επιστημών της Θάλασσας |b Πρόγραμμα Μεταπτυχιακών Σπουδών Διαχείριση Παράκτιων Περιοχών. | |
| 852 | |a INST |b LESVOS |c DIATR |e 20170822 |h 274 |p 005100059689 |q 005100059689 |t MTXE |y 23 | ||
| 856 | |u http://hdl.handle.net/11610/17373 | ||
| 924 | |a Ψαρρός |b Φώτης |y Λέσβος |z 2015-11 | ||
| 970 | |a Πατσή |b Ανθίππη |z 22-08-2017 | ||